00350nam a2200145Ia 4500008004100000040001400041082001100055100001800066245002600084260000800110365002600118366000800144630002600152730002600178100315s9999 xx 000 0 und d cENGLISH  b1346  a"GHOSH,P.K. " aINDUSTRIAL PSYCHOLOGY c0  eRupees d1 b0.00  f0  aINDUSTRIAL PSYCHOLOGY aINDUSTRIAL PSYCHOLOGY